| 000 | 00718cam a22002533a 4500 | ||
|---|---|---|---|
| 001 | 18492 | ||
| 003 | PGUSA | ||
| 005 | 20140828083408.0 | ||
| 008 | 060602s2006||||xxu|||||s|||||000 1 eng d | ||
| 040 |
_aPGUSA _beng |
||
| 042 | _adc | ||
| 050 | 4 | _aPS | |
| 100 | 1 |
_aNourse, Alan Edward, _d1928-1992 |
|
| 245 | 1 | 0 |
_aStar Surgeon _h[electronic resource] / _cAlan Edward Nourse |
| 260 |
_bProject Gutenberg, _c2006 |
||
| 506 | _aPublic domain in the USA. | ||
| 516 | _aElectronic text | ||
| 653 | _aScience fiction | ||
| 653 | _aExtraterrestrial beings -- Fiction | ||
| 653 | _aMedical students -- Fiction | ||
| 830 | 0 |
_aProject Gutenberg _v18492 |
|
| 856 | 4 | 0 | _uhttp://www.gutenberg.org/ebooks/18492 |
| 942 | _cEB | ||
| 999 |
_c247747 _d247747 |
||